Social structure and personality in a rural community / (Record no. 34300)
[ view plain ]
| 000 -LEADER | |
|---|---|
| fixed length control field | 00963nam a2200265 a 4500 |
| 001 - CONTROL NUMBER | |
| control field | 34300 |
| 003 - CONTROL NUMBER IDENTIFIER | |
| rucl marc code | BD-RjUL |
| 005 - DATE AND TIME OF LATEST TRANSACTION | |
| control field | 20211209052134.0 |
| 008 - FIXED-LENGTH DATA ELEMENTS--GENERAL INFORMATION | |
| fixed length control field | 170103r19571954enkak 001 0 eng d |
| 035 ## - SYSTEM CONTROL NUMBER | |
| System control number | (BD-RjUL)34394 |
| 040 ## - CATALOGING SOURCE | |
| Original cataloging agency | DLC |
| Transcribing agency | ODaWU |
| Modifying agency | OCoLC |
| -- | NGvP |
| -- | Uk |
| -- | InU |
| -- | BD-RjUL |
| Language of cataloging | eng |
| 041 ## - LANGUAGE CODE | |
| Language code of text/sound track or separate title | eng |
| 082 04 - DEWEY DECIMAL CLASSIFICATION NUMBER | |
| Classification number | 307.7209436 |
| Author mark and year | OES 1957 |
| Edition number | 23 |
| 100 1# - MAIN ENTRY--PERSONAL NAME | |
| Personal name | Oeser, O. A. |
| Fuller form of name | (Oscar Adolf), |
| Dates associated with a name | 1904- |
| 9 (RLIN) | 90363 |
| 245 10 - TITLE STATEMENT | |
| Title | Social structure and personality in a rural community / |
| Statement of responsibility, etc. | by O.A. Oeser and F.E. Emery. |
| 260 ## - PUBLICATION, DISTRIBUTION, ETC. (IMPRINT) | |
| Place of publication, distribution, etc. | London : |
| Name of publisher, distributor, etc. | Routledge & Paul, |
| Date of publication, distribution, etc. | 1954 [Impression 1957] |
| 300 ## - PHYSICAL DESCRIPTION | |
| Pagination | xiii, 279 p. : |
| Illustrations | ill. ; |
| Size | 23 cm. |
| 490 1# - SERIES STATEMENT | |
| Series statement | His Studies of social behaviour ; |
| Volume/sequential designation | v. 2 |
| 500 ## - GENERAL NOTE | |
| General note | Includes index. |
| 651 #0 - SUBJECT ADDED ENTRY--GEOGRAPHIC NAME | |
| Geographic name | Mallee Town (Vic.) |
| 9 (RLIN) | 104282 |
| Geographic name | Australia |
| General subdivision | Rural conditions |
| Form subdivision | Case studies. |
| 9 (RLIN) | 104283 |
| 700 1# - ADDED ENTRY--PERSONAL NAME | |
| Personal name | Emery, F. E. |
| Fuller form of name | (Frederick Edmund), |
| Relator term | joint ed. |
| 830 ## - SERIES ADDED ENTRY--UNIFORM TITLE | |
| Uniform title | His Studies of social behaviour ; |
| Volume number/sequential designation | v. 2 |
| 942 ## - ADDED ENTRY ELEMENTS (KOHA) | |
| Source of classification or shelving scheme | Dewey Decimal Classification |
| Koha item type | Books |
| Lost status | Source of classification or shelving scheme | Damaged status | Not for loan | Collection code | Permanent Location | Current Location | Shelving location | Date acquired | Source of acquisition | Total Checkouts | Full call number | Date last seen | Copy number | Koha item type | Cost, normal purchase price |
|---|---|---|---|---|---|---|---|---|---|---|---|---|---|---|---|
| Dewey Decimal Classification | Non-fiction | Central Library, University of Rajshahi | Central Library, University of Rajshahi | 07/03/1966 | Zeitlinger | 307.7209436 OES 1957 | 15/05/2014 | C-3 | Books | ||||||
| Dewey Decimal Classification | Not For Loan | Non-fiction | Central Library, University of Rajshahi | Central Library, University of Rajshahi | Reading Room | 12/09/1955 | B.H.Black Well Ltd. | 307.7209436 OES 1954 | 29/12/2016 | C-1 | Books | 55.00 | |||
| Dewey Decimal Classification | Non-fiction | Central Library, University of Rajshahi | Central Library, University of Rajshahi | 07/03/1966 | Zeitlinger | 307.7209436 OES 1957 | 03/01/2017 | C-2 | Books |